000 00282 a2200121 4500
001 147090
040 _cEscola São Tomás de Aquino
100 _aDAVENIER, Christiane
240 1 0 _aLeo e Albertina
_lpor
245 1 0 _aLeo e Albertina
697 _a*LITERATURA INFANTO
942 _cBK
999 _c147090
_d147090